| 000 | 00817nam a2200289Ia 4500 | ||
|---|---|---|---|
| 001 | Z_3289 | ||
| 003 | CHAP | ||
| 008 | 220113s1985 xx 000 0 und d | ||
| 010 | _a166398 | ||
| 040 | _cCHAP | ||
| 090 | _aFolleto 372 | ||
| 100 |
_aAñorve Aguirre, Jorge _96192 |
||
| 245 |
_aPrograma para el incremento de la lechería familiar / _cpor Jorge Añorve Aguirre |
||
| 260 |
_aMéxico, D. F. : _bFIRA, _c1985 |
||
| 300 | _a35 p. | ||
| 440 |
_aFIRA Boletín informativo XVIII (171) _9140474 |
||
| 500 | _a | ||
| 503 | _a | ||
| 650 |
_aGanado lechero _xProducción _945288 |
||
| 650 |
_aLeche _xProducción I. Fideicomisos Instituidos en Relación con la Agricultura. México _9140475 |
||
| 901 | _aFolleto 372 | ||
| 902 | _aA | ||
| 910 | _a1985 | ||
| 942 | _cc14 | ||
| 942 | _cc14 | ||
| 999 |
_c166398 _d166398 |
||